LEADER 01067cam0 22002531 450 001 SOBE00017086 005 20110831101643.0 100 $a20110822d1895 |||||ita|0103 ba 101 $aita 102 $aIT 200 1 $a<>Italia alla fine del secolo 16.$eGiornale del viaggio di Michele de Montaigne in Italia nel 1580 e 1581$fAlessandro D'Ancona 205 $aNuova edizione del testo francese ed italiano con note ed un saggio di bibliografia dei viaggi in Italia, indice alfabetico da servire alla prima edizione del 1889 210 $aCittą di Castello$cS.Lipari$d1895 215 $a42 p.$d19 cm 700 1$aD'Ancona$b, Alessandro <[1835-1914]>$3AF00014697$4070$0144397 801 0$aIT$bUNISOB$c20110831$gRICA 850 $aUNISOB 852 $aUNISOB$j840|Opusc$m64099 912 $aSOBE00017086 940 $aM 102 Monografia moderna SBN 941 $aM 957 $a840|Opusc$b000004$gSI$d64099$racquisto$tN$1catenacci$2UNISOB$3UNISOB$420110822111720.0$520110822111821.0$6catenacci 996 $aItalia alla fine del secolo 16$91721217 997 $aUNISOB LEADER 01014nam0 22002531i 450 001 RML0232583 005 20231121125658.0 100 $a20121121d1996 ||||0itac50 ba 101 | $aita 102 $ait 181 1$6z01$ai $bxxxe 182 1$6z01$an 200 1 $aAttivitą ed attori economici nello scenario post-pacioliano$eRaccolta di significative opere diRagioneria pubblicate in Europa fino alla metą del secolo XIX$fGiuseppe Catturi 210 $aPadova $cCEDAM $d1996 215 $axxiv,189 p.$ctab.$d24 cm. 700 1$aCATTURI$b, Giuseppe$3RMLV147624$0113591 801 3$aIT$bIT-01$c20121121 850 $aIT-FR0098 899 $aBiblioteca Area Giuridico Economica$bFR0098 912 $aRML0232583 950 0$aBiblioteca Area Giuridico Economica$d 53IMP 657/147-3$e 53VM 0000005835 VM barcode:0000513VM$fA $h19970418$i20121204 977 $a 53 996 $aAttivitą ed attori economici nello scenario post-pacioliano$9888635 997 $aUNICAS